000 00348 a2200157 4500
001 62224
020 _a9788578433802
040 _cAnchieta - Pituba
100 _aReinhold, Peter
240 1 0 _aLuca und Calú
_ldeu / ger
245 1 0 _aLuca und Calú
300 _a152
362 0 _a2014
650 4 _aLiteratura juvenil em alemão
942 _cBK
999 _c62224
_d62224